Top 20 most competitive nations - Statistics

General Stats
  • This quiz has been taken 75 times
  • The average score is 12 of 20
Answer Stats
Country Name % Correct
Japan
83%
Germany
82%
Canada
77%
Sweden
75%
Norway
74%
Denmark
68%
Finland
68%
Netherlands
66%
Singapore
65%
United Kingdom
65%
Switzerland
63%
Belgium
62%
United States
62%
Luxembourg
58%
Taiwan
52%
New Zealand
48%
Malaysia
34%
Qatar
34%
United Arab Emirates
29%
Hong Kong
20%
No matching quizzes found
Score Distribution
Percent of People with Each Score
Percentile by Number Answered
Your Score History
You have not taken this quiz